000 01271nam a2200265 i 4500
003 DO-SdBNP
005 20231103111902.0
006 a||||gr|||| 00| 0
007 ta
008 231026b2021 dr ab||| |||| 00| m spa d
040 _aDO-SdBNP
_bspa
_cBNPHU
_erda
082 4 _222
_bR173e
100 _aRamírez Tejeda, Katerin Y.
_eautor
_984569
245 1 0 _aEmpresas turísticas sostenibles y sus potenciales impactos económicos, sociales y ambientales :
_beco adventure hotel y dominican tree house village /
_cKaterin Y. Ramírez Tejeda, Carlos I. Ramos Barrios
264 1 _aSanto Domingo :
_bInstituto Tecnológico de Santo Domingo
_c2021
300 _a89 páginas :
_bIlustraciones ;
_c29 cm.
336 _2rdacontent
_atexto
_btxt
337 _2rdamedia
_asin mediación
_bn
338 _2rdacarrie
_avolumen
_bnc
505 _aIndice de gráficos, tablas e imágenes 6 -- Resumen 9 -- Introducción 11 -- Metodología de estudios 21 -- Caso de estudio I: el morro eco-adventure hotel 25 -- Caso de estudio II: dominican tree house village 47 -- Análisis comparativo entre diferentes empresas turísticas 69 -- Referencias y apéndice 84.
590 _aInventariado 2023 / DG
700 1 _aRamos Barrios, Carlos
_eautor
_984570
910 _aDG
942 _2ddc
_cLBS1
999 _c55398
_d55398